Рой: роман
| Autore principale: | |
|---|---|
| Altri autori: | |
| Riassunto: | В засекреченной лаборатории ведутся разработки наноустройств, которые бы обладали разумом и способностью действовать. Это так называемые нановиты. Неожиданно в институте происходит мощный взрыв и вещество с нановитами распыляется в окружающее пространство. А лаборатория находится в городе... И началось... И выяснилось, что нановиты способны проникать внутрь человека, поражать его организм, менять психику и... подчинять человека себе, делать из него зомби, чтобы его руками бороться с другими людьми и переделывать мир под себя. Нановиты существуют не как отдельные существа, а в виде Роя — коллективного разумного образования. В этом сила Роя: можно уничтожить отдельных особей, но в целом Рой неуничтожим. Угроза нависает над всем миром. Людям в нем места нет — так решил Рой, новая раса живых существ, созданная руками человека и враждебная ему. Значит, людям нужно суметь объединиться, выжить и бороться с врагом. Каждый, мужчина и женщина, дитя и старик — обязаны стать бойцами. Как в былые доисторические времена, человечество, чтобы выжить и вернуть себе Землю, должно стать расой воинов, охотников и героев... |
| Lingua: | russo |
| Pubblicazione: |
СПб., Крылов, 2010
|
| Serie: | Фантастическая авантюра |
| Soggetti: | |
| Natura: | Libro |
| KOHA link: | https://koha.lib.tpu.ru/cgi-bin/koha/opac-detail.pl?biblionumber=189276 |
MARC
| LEADER | 00000nam0a2200000 4500 | ||
|---|---|---|---|
| 001 | 189276 | ||
| 005 | 20231031175206.0 | ||
| 010 | |a 9785422601097 | ||
| 035 | |a (RuTPU)RU\TPU\book\205673 | ||
| 090 | |a 189276 | ||
| 100 | |a 20101222d2010 m y0rusy50 ca | ||
| 101 | 0 | |a rus | |
| 102 | |a RU | ||
| 105 | |a y z 000ay | ||
| 200 | 1 | |a Рой |e роман |f Э. Байков, В. Глуховцев | |
| 210 | |a СПб. |c Крылов |d 2010 | ||
| 215 | |a 480 с. | ||
| 225 | 1 | |a Фантастическая авантюра | |
| 330 | |a В засекреченной лаборатории ведутся разработки наноустройств, которые бы обладали разумом и способностью действовать. Это так называемые нановиты. Неожиданно в институте происходит мощный взрыв и вещество с нановитами распыляется в окружающее пространство. А лаборатория находится в городе... И началось... И выяснилось, что нановиты способны проникать внутрь человека, поражать его организм, менять психику и... подчинять человека себе, делать из него зомби, чтобы его руками бороться с другими людьми и переделывать мир под себя. Нановиты существуют не как отдельные существа, а в виде Роя — коллективного разумного образования. В этом сила Роя: можно уничтожить отдельных особей, но в целом Рой неуничтожим. Угроза нависает над всем миром. Людям в нем места нет — так решил Рой, новая раса живых существ, созданная руками человека и враждебная ему. Значит, людям нужно суметь объединиться, выжить и бороться с врагом. Каждый, мужчина и женщина, дитя и старик — обязаны стать бойцами. Как в былые доисторические времена, человечество, чтобы выжить и вернуть себе Землю, должно стать расой воинов, охотников и героев... | ||
| 610 | 1 | |a русская литература | |
| 610 | 1 | |a романы | |
| 610 | 1 | |a фантастика | |
| 610 | 1 | |a авантюрные романы | |
| 675 | |a Р2 |v 3 | ||
| 700 | 1 | |a Байков |b Э. |g Эдуард | |
| 701 | 1 | |a Глуховцев |b В. |g Всеволод | |
| 801 | 1 | |a RU |b 63413507 |c 20101222 | |
| 801 | 2 | |a RU |b 63413507 |c 20101229 |g RCR | |
| 942 | |c BK | ||